Normal view
MARC view
Entry Término temático
001 - NÚMERO DE CONTROL
- campo de control: 55679
003 - IDENTIFICADOR DEL NÚMERO DE CONTROL
- campo de control: OSt
005 - FECHA Y HORA DE LA ÚLTIMA TRANSACCIÓN
- campo de control: 20200615034717.0
008 - DATOS DE LONGITUD FIJA
- campo de control de longitud fija: 200615|| aca||aabn | a|a d
040 ## - FUENTE DE LA CATALOGACIÓN
- Centro catalogador/agencia de origen: OSt
- Centro/agencia transcriptor: OSt
150 ## - ENCABEZAMIENTO--TÉRMINO DE MATERIA
- Término de materia o nombre geográfico como elemento de entrada: EXPERIMENTOS DE CAMPOS
670 ## - FUENTE DE DATOS ENCONTRADOS
- Cita de la fuente: Work cat.: (OSt)28186: República Dominicana. Secretaría de Estado de Agricultura. Departamento de Investigaciones Agropecuarias. Centro Sur de Desarrollo Agropecuario. 55676, Sistemas de cultivos :, 1994.
